00392 a2200145 4500245007100000020001500071700001800086650001200104005001700116260003200133084002100165300002700186500001800213999001500231 aCitizen of Africab : conversations with Morgan Tsvangiraihprint a1933146222 aChan, Stephen aHistory20191017172710.0 amdubAcademica Presscc2006 aJQ2925 .C43 2006 ap. cm.bp. cm.cp. cm. aStephen Chan. c9245d9245